[Event "40th World Junior Girls"]
[Site "Gandhinagar IND"]
[Date "2024.06.07"]
[Round "6.7"]
[White "Striskova, Lucia"]
[Black "Rakshitta, Ravi"]
[Result "0-1"]
[BlackTitle "WGM"]
[WhiteElo "2023"]
[BlackElo "2271"]
[WhiteFideId "14960958"]
[BlackFideId "25073230"]
[EventDate "2024.06.02"]

1. d4 Nf6 2. c4 e6 3. Nf3 Bb4+ 4. Bd2 a5 5. g3 O-O 6. Bg2 d5 7. O-O dxc4 8. a4
Nc6 9. Bc3 Qe7 10. Nbd2 Nd5 11. Qc2 Nb6 12. Rfc1 Rd8 13. Nxc4 Nxc4 14. Bxb4 Qxb4
15. Qxc4 Qxc4 16. Rxc4 Ra6 17. e3 Rb6 18. Ne1 Rd6 19. Nd3 Rb3 20. Rc3 Rxc3 21.
bxc3 e5 22. Nxe5 Nxe5 23. dxe5 Rd2 24. Bf3 Kf8 25. Rd1 Rxd1+ 26. Bxd1 Be6 27.
Kf1 Bc4+ 28. Ke1 c6 29. Kd2 Ke7 30. f4 b5 31. Kc1 Ke6 32. Kb2 Kd5 33. Bc2 h6 34.
e4+ Kc5 35. f5 f6 36. e6 Kd6 37. axb5 cxb5 38. Bb3 Bd3 39. Bd5 Be2 40. c4 b4 41.
c5+ Kxc5 42. Bb3 Bb5 43. Bd1 a4 44. Bh5 a3+ 45. Kc2 Kd6 46. e5+ fxe5 47. Bf3
Bd3+ 48. Kb3 Bxf5 49. Bd5 Kxd5 50. e7 Bd7 0-1

[Event "40th World Junior Girls"]
[Site "Gandhinagar IND"]
[Date "2024.06.07"]
[Round "6.8"]
[White "Mrudul, Dehankar"]
[Black "Hryzlova, Sofiia"]
[Result "0-1"]
[WhiteTitle "WIM"]
[BlackTitle "WIM"]
[WhiteElo "2028"]
[BlackElo "2246"]
[WhiteFideId "25096990"]
[BlackFideId "14174669"]
[EventDate "2024.06.02"]

1. e4 c5 2. Nf3 e6 3. d4 cxd4 4. Nxd4 a6 5. Bd3 Bc5 6. Nb3 Ba7 7. Qe2 Ne7 8. Be3
Nbc6 9. Nc3 O-O 10. O-O-O b5 11. f4 d5 12. exd5 Nxd5 13. Bxa7 Rxa7 14. Qf3 Qf6
15. Nxd5 exd5 16. Qxd5 Qxf4+ 17. Kb1 Rc7 18. Rhf1 Qe5 19. Qf3 Be6 20. Rde1 Qd6
21. Be4 Bc4 22. Rd1 Qh6 23. Rfe1 Kh8 24. Qg3 Re7 25. Rd6 Re6 26. Rxe6 Bxe6 27.
Qd6 Rc8 28. Bxc6 Bxb3 29. Qxh6 gxh6 30. Be4 Bc4 31. b3 Be6 32. Bb7 Rg8 33. g3 a5
34. Re5 Rg5 35. Rxg5 hxg5 36. Kc1 Kg7 37. Kd2 Kf6 38. Bc6 b4 39. c4 Ke5 40. Ke3
Bf5 41. Kd2 f6 42. Bf3 Kd4 43. Bd1 h6 44. Bc2 Bd7 45. Bd1 f5 46. Bf3 Be6 47. Be2
f4 48. gxf4 gxf4 49. Bf3 a4 50. Bd5 axb3 51. axb3 Bxd5 52. cxd5 Kxd5 53. Kd3 Ke5
54. Ke2 Ke4 55. Kf2 Kd3 56. Kf3 Kc3 57. Kxf4 Kxb3 58. Kg4 Kc4 59. Kh5 b3 0-1

[Event "40th World Junior Girls"]
[Site "Gandhinagar IND"]
[Date "2024.06.07"]
[Round "6.9"]
[White "Zhurova, Anna"]
[Black "Gunawardhana, Devindya Oshini"]
[Result "1-0"]
[WhiteTitle "WFM"]
[BlackTitle "WFM"]
[WhiteElo "2239"]
[BlackElo "1980"]
[WhiteFideId "54113075"]
[BlackFideId "29941482"]
[EventDate "2024.06.02"]

1. e4 e5 2. Nf3 Nc6 3. Bb5 a6 4. Ba4 Nf6 5. O-O b5 6. Bb3 Bb7 7. Re1 Bc5 8. c3
d6 9. d4 Bb6 10. Be3 h6 11. h3 O-O 12. Nbd2 Re8 13. d5 Ne7 14. Bxb6 cxb6 15. a4
bxa4 16. Bxa4 Rf8 17. Qe2 Bc8 18. Nh2 Nh7 19. Nhf1 f5 20. exf5 Nxf5 21. Bc2 Ra7
22. Qd3 Raf7 23. Ng3 Re8 24. Nc4 Nf8 25. Ne4 b5 26. Na5 Ng6 27. g3 Ref8 28. Nc6
Qc7 29. Bd1 Nge7 30. Bc2 Ng6 31. Bd1 Nge7 32. Bb3 Kh8 33. h4 Nxc6 34. dxc6 Qxc6
35. Bd5 Qe8 36. g4 Nxh4 37. Nxd6 Qd7 38. Nxf7+ Rxf7 39. Re3 Rf4 40. f3 Qa7 41.
Be4 Rf8 42. Kh1 Qe7 43. Rd1 Qg5 44. Re2 Be6 45. Qd6 Qf6 46. Red2 Re8 47. Qc6 Rf8
48. Qc5 Rg8 49. Qe3 Rf8 50. Qc5 Rg8 51. Rd3 Qf4 52. Qe3 Qg3 53. Qg1 Qf4 54. Qh2
Qg5 55. Qd2 Qf6 56. Rg1 g5 57. Rd1 h5 58. gxh5 g4 59. fxg4 Bxg4 60. Rd6 Be6 61.
Rd8 Nf5 62. Rxg8+ Bxg8 63. Bxf5 Qxf5 64. Qh6+ Qh7 65. Qxh7+ Bxh7 66. Kh2 Kg7 67.
Rd7+ Kh6 68. Kg3 Bf5 69. Rf7 Bd3 70. Kh4 e4 71. Rf6+ Kg7 72. Rxa6 e3 73. Kg3 Bc4
74. Rg6+ Kh7 75. Rg4 Kh6 76. Rxc4 bxc4 77. Kf3 Kxh5 78. Kxe3 Kg5 79. Kd4 Kf6 80.
Kxc4 Ke6 81. Kb5 Kd7 82. Kb6 Kc8 83. Ka7 Kc7 84. b4 Kc6 85. c4 Kc7 86. b5 Kd6
87. b6 Kc5 88. b7 Kxc4 89. b8=Q Kc5 90. Qe5+ Kc4 91. Kb6 Kd3 92. Kc5 Kd2 93. Kc4
Kd1 94. Kc3 Kc1 95. Qe1# 1-0

[Event "40th World Junior Girls"]
[Site "Gandhinagar IND"]
[Date "2024.06.07"]
[Round "6.10"]
[White "Shohradova, Lala"]
[Black "Grozdanovic, Anastasia"]
[Result "1/2-1/2"]
[WhiteTitle "WFM"]
[BlackTitle "WFM"]
[WhiteElo "2000"]
[BlackElo "2108"]
[WhiteFideId "14004089"]
[BlackFideId "979996"]
[EventDate "2024.06.02"]

1. d4 d5 2. c4 e6 3. Nf3 Nf6 4. g3 dxc4 5. Bg2 Bd7 6. Ne5 Bc6 7. Nxc6 Nxc6 8.
Bxc6+ bxc6 9. Nc3 Bb4 10. Qa4 Bxc3+ 11. bxc3 Qd5 12. O-O O-O 13. Bf4 Ne4 14. Qa3
Nd6 15. Rfb1 a5 16. f3 a4 17. e4 Qa5 18. Qb4 Nb5 19. Qxa5 Rxa5 20. Bd2 c5 21.
dxc5 f5 22. Rb4 Rd8 23. Bf4 Rd3 24. Rab1 Nxc3 25. Rb8+ Kf7 26. R1b7 Rxc5 27.
Bxc7 Kg6 28. Bb6 Rb5 29. Rg8 Rd2 30. Rgxg7+ Kf6 31. Rgf7+ Kg6 32. Rg7+ Kf6 33.
Rgf7+ Kg6 34. Rg7+ Kf6 35. Rgf7+ Kg6 36. exf5+ 1/2-1/2

[Event "40th World Junior Girls"]
[Site "Gandhinagar IND"]
[Date "2024.06.07"]
[Round "6.11"]
[White "Yashvi Jain"]
[Black "Kaldarova, Ayaulym"]
[Result "0-1"]
[BlackTitle "WFM"]
[WhiteElo "1729"]
[BlackElo "2100"]
[WhiteFideId "25984446"]
[BlackFideId "13720503"]
[EventDate "2024.06.02"]

1. d4 d6 2. Nf3 g6 3. c3 Bg7 4. Bf4 Nd7 5. h3 e5 6. dxe5 dxe5 7. Bg3 Qe7 8. e4
Ngf6 9. Nbd2 O-O 10. Bc4 Kh8 11. O-O Nh5 12. Bh2 c6 13. Re1 Nc5 14. b4 Nd7 15.
Bb3 a5 16. a3 Nb6 17. Qc2 Bd7 18. Ba2 c5 19. bxa5 Rxa5 20. Rab1 Ra6 21. Bc4 Nxc4
22. Nxc4 b5 23. Ncxe5 Rxa3 24. Nxd7 Qxd7 25. e5 Qc6 26. Red1 Rfa8 27. Rd6 Qb7
28. Qd1 Qe4 29. Nd2 Qa4 30. Qf3 b4 31. Qd5 Bf8 32. Rd8 Rxd8 33. Qxd8 Qa8 34.
Qxa8 Rxa8 35. cxb4 cxb4 36. Nc4 Kg8 37. g4 Ng7 38. Nb6 Rd8 39. Nc4 Ne6 40. Nd6
Rb8 41. f4 Nd4 42. Kg2 b3 43. f5 Ra8 44. Nc4 Ra2+ 45. Kh1 Rc2 46. Ne3 Rc3 47.
Bg1 Ne2 48. Nd5 Rxh3+ 49. Bh2 Rd3 50. Nf6+ Kg7 51. Ne8+ Kg8 52. Nf6+ Kh8 53. e6
fxe6 54. fxe6 Nd4 55. Re1 b2 56. Ne8 Nf3 57. Rf1 Ba3 58. Rb1 Re3 59. Nc7 Nxh2
60. Nb5 Nxg4 61. Nxa3 Rxa3 62. Rxb2 Ra7 63. Rd2 Nf6 0-1

[Event "40th World Junior Girls"]
[Site "Gandhinagar IND"]
[Date "2024.06.07"]
[Round "6.12"]
[White "Swara Lakshmi S Nair"]
[Black "Gasparyan, Milena"]
[Result "1/2-1/2"]
[WhiteTitle "WCM"]
[WhiteElo "2051"]
[BlackElo "1909"]
[WhiteFideId "25629239"]
[BlackFideId "13311670"]
[EventDate "2024.06.02"]

1. e4 c6 2. d4 d5 3. Nc3 dxe4 4. Nxe4 Nf6 5. Nxf6+ exf6 6. c3 Bd6 7. Bd3 O-O 8.
Qc2 Re8+ 9. Ne2 h5 10. O-O h4 11. Nf4 Qc7 12. g3 Nd7 13. Qd1 Nf8 14. Qh5 Qd7 15.
Bd2 hxg3 16. hxg3 Qg4 17. Qxg4 Bxg4 18. f3 Bd7 19. Kf2 Ne6 20. Rh1 Nxf4 21. gxf4
f5 22. Rag1 g6 23. Rh5 Kf8 24. Rh7 Be6 25. c4 Be7 26. Rgh1 Bf6 27. Bb4+ Kg8 28.
Bc3 Rad8 29. Kg3 Kf8 30. Bb4+ Kg8 1/2-1/2

[Event "40th World Junior Girls"]
[Site "Gandhinagar IND"]
[Date "2024.06.07"]
[Round "6.13"]
[White "Bhagyashree, Patil"]
[Black "Kurmangaliyeva, Liya"]
[Result "1-0"]
[WhiteTitle "WFM"]
[BlackTitle "FM"]
[WhiteElo "1929"]
[BlackElo "2282"]
[WhiteFideId "25053256"]
[BlackFideId "13725831"]
[EventDate "2024.06.02"]

1. d4 Nf6 2. Bf4 d5 3. e3 e6 4. Nf3 c5 5. c3 Be7 6. h3 O-O 7. Bd3 Qb6 8. Qc2 Bd7
9. O-O Rc8 10. Ne5 Bb5 11. Bxb5 Qxb5 12. Nd2 Nc6 13. Ndf3 h6 14. Rfe1 a5 15. Qe2
Qb6 16. dxc5 Bxc5 17. Nd4 a4 18. Qf3 Qd8 19. Rac1 Bd6 20. Nd3 Ne4 21. Nb5 Bxf4
22. Qxf4 Ra5 23. Na3 b5 24. Ne5 Nxe5 25. Qxe5 Qe8 26. f3 Nc5 27. Rcd1 Ra7 28.
Rd4 f6 29. Qg3 Qc6 30. Red1 Rd7 31. Rb4 Rb7 32. Rbd4 Na6 33. e4 dxe4 34. fxe4
Nc5 35. Qg4 Rd7 36. Nxb5 Rxd4 37. Nxd4 Qb6 38. b4 axb3 39. axb3 Re8 40. Kh1 Qb7
41. Re1 Qd7 42. Re3 Kh7 43. Rg3 Re7 44. b4 Na4 45. b5 Nc5 46. Nc6 Re8 47. e5 Qf7
48. exf6 gxf6 49. Qd4 Nb7 50. Rf3 Rf8 51. Ne5 Qg7 52. Nd7 Rd8 53. Nxf6+ Kh8 54.
Qg4 Qxg4 55. Nxg4 Kg7 56. c4 Nc5 57. Ne5 Rd1+ 58. Kh2 Re1 59. Nd3 Nxd3 60. Rxd3
Rc1 61. Rd7+ Kf6 62. Rc7 e5 63. b6 e4 64. b7 Rb1 65. Kg3 Ke5 66. Rc5+ Kd4 67.
Rb5 1-0

[Event "40th World Junior Girls"]
[Site "Gandhinagar IND"]
[Date "2024.06.07"]
[Round "6.14"]
[White "Kanyamarala, Trisha"]
[Black "Ishvi, Aggarwal"]
[Result "1/2-1/2"]
[WhiteTitle "WIM"]
[BlackTitle "WCM"]
[WhiteElo "2219"]
[BlackElo "1928"]
[WhiteFideId "45004722"]
[BlackFideId "25728890"]
[EventDate "2024.06.02"]

1. d4 d5 2. c4 e6 3. Nc3 Nf6 4. cxd5 exd5 5. Bg5 c6 6. e3 Be7 7. Bd3 Nbd7 8. Qc2
O-O 9. Nge2 Re8 10. O-O Nf8 11. f3 Be6 12. Rae1 Rc8 13. Kh1 Ng6 14. f4 Ng4 15.
Bxe7 Qxe7 16. f5 Nxe3 17. Qc1 Nxf1 18. Rxf1 Bd7 19. fxg6 fxg6 20. Bc2 Qe3 21.
Qxe3 Rxe3 22. Rf3 Re7 23. h3 g5 24. Rg3 Rce8 25. Bd3 h6 26. Ng1 Re3 27. Rxe3
Rxe3 28. Be2 b5 29. g4 Be8 30. Kg2 Kf8 31. Kf2 Re7 32. Nf3 Rb7 33. Ne5 Ke7 34.
Ke3 Kd6 35. Bf3 Re7 36. b4 a5 37. a3 axb4 38. axb4 Ra7 39. Bd1 Ra3 40. Kd2 Bd7
41. Nf7+ Ke7 1/2-1/2

[Event "40th World Junior Girls"]
[Site "Gandhinagar IND"]
[Date "2024.06.07"]
[Round "6.15"]
[White "Dakshita Kumawat"]
[Black "Rzali, Sabina"]
[Result "1-0"]
[BlackTitle "WCM"]
[WhiteElo "1928"]
[BlackElo "2073"]
[WhiteFideId "25944304"]
[BlackFideId "13410920"]
[EventDate "2024.06.02"]

1. d4 d5 2. Nf3 Nf6 3. c4 dxc4 4. Nc3 e6 5. e4 c5 6. Bxc4 a6 7. a4 cxd4 8. Qxd4
Qxd4 9. Nxd4 Bb4 10. f3 Nbd7 11. O-O Ne5 12. Be2 Bd7 13. Be3 Bc5 14. Rfd1 Nc6
15. Kf2 O-O 16. Nc2 Be7 17. f4 e5 18. f5 Nb4 19. Na3 Bc6 20. Bf3 Rac8 21. Rac1
Nd7 22. Nc4 f6 23. Nd6 Ra8 24. Be2 h6 25. Nxb7 Nb8 26. Nc5 Kh7 27. Ne6 Rc8 28.
Nd5 Bxd5 29. Rxc8 Bxe6 30. fxe6 N4c6 31. Rc1 Nb4 32. R1c7 Bd6 33. Rd7 Nxd7 34.
exd7 1-0

[Event "40th World Junior Girls"]
[Site "Gandhinagar IND"]
[Date "2024.06.07"]
[Round "6.16"]
[White "Donghvani, Nia"]
[Black "Bristy, Mukherjee"]
[Result "1/2-1/2"]
[BlackTitle "WFM"]
[WhiteElo "2070"]
[BlackElo "1902"]
[WhiteFideId "13614649"]
[BlackFideId "25077325"]
[EventDate "2024.06.02"]

1. e4 c5 2. Nf3 d6 3. d4 cxd4 4. Nxd4 Nf6 5. Nc3 a6 6. Nb3 Nc6 7. Be2 e5 8. O-O
Be6 9. Bg5 Be7 10. Qd2 h6 11. Bh4 g5 12. Bg3 d5 13. exd5 Nxd5 14. Nxd5 Qxd5 15.
Qe3 Bf5 16. Bf3 e4 17. Rad1 Qe6 18. Nc5 Bxc5 19. Qxc5 exf3 20. Rfe1 Be4 21. gxf3
f5 22. Bd6 O-O-O 23. fxe4 fxe4 24. Bg3 h5 25. Rxd8+ Rxd8 26. Qxg5 Nd4 27. Qc5+
Qc6 28. Qxc6+ bxc6 29. Rxe4 Nxc2 30. Re7 Rd7 31. Re8+ Rd8 32. Rxd8+ Kxd8 33. Be5
Nb4 34. a3 Nd3 35. Bc3 Kd7 36. Kg2 Ke6 37. Kf3 Kf5 38. Ke3 Nf4 39. Bd4 Ne6 40.
Ba7 Ke5 41. Bb8+ Kd5 42. Kf3 Nc5 43. Kg3 Nd3 44. b4 Ke4 45. Kh4 Nxf2 46. Kxh5
Kf5 47. Kh4 Ne4 48. Kh3 c5 49. bxc5 Nxc5 50. Kg3 Ne4+ 51. Kf3 Nd2+ 52. Ke2 Nc4
53. a4 Kg4 54. Bc7 Kh3 55. Kf2 Nb2 56. a5 Nc4 57. Kg1 Nd2 58. Bg3 Nc4 59. Bc7
Nd2 60. Bg3 Nc4 1/2-1/2

[Event "40th World Junior Girls"]
[Site "Gandhinagar IND"]
[Date "2024.06.07"]
[Round "6.17"]
[White "Arshiya Das"]
[Black "Tejaswini G"]
[Result "1/2-1/2"]
[WhiteTitle "WCM"]
[BlackTitle "WIM"]
[WhiteElo "1919"]
[BlackElo "2059"]
[WhiteFideId "25652150"]
[BlackFideId "25749978"]
[EventDate "2024.06.02"]

1. e4 c5 2. Nf3 d6 3. d4 cxd4 4. Nxd4 Nf6 5. Nc3 a6 6. Rg1 e5 7. Nb3 h5 8. Be3
Be6 9. h3 Be7 10. g4 hxg4 11. hxg4 d5 12. exd5 Nxd5 13. Nxd5 Bxd5 14. c3 Nc6 15.
Nd2 Bg5 16. Nc4 Bxc4 17. Qxd8+ Nxd8 18. Bxg5 Ne6 19. Be3 Bxf1 20. Kxf1 O-O-O 21.
Ke2 Kc7 22. Kf3 Rh2 23. Rh1 Rdh8 24. Rxh2 Rxh2 25. Rd1 f6 26. Kg3 Rh8 27. Kf3 g6
28. Ke4 Rh4 29. Kd5 Kd7 30. Rg1 Ke7 31. a3 Kd7 32. Ke4 Kd6 33. Rd1+ Kc6 34. Rg1
Nd8 35. Kf3 Nf7 36. Kg3 Rh8 37. Rd1 Nd6 38. Kf3 Rh7 39. b3 f5 40. gxf5 gxf5 41.
c4 f4 42. Ba7 Rh3+ 43. Kg4 Rxb3 44. Rd5 b6 45. Rxe5 Nxc4 46. Re4 Nd6 47. Re6 Kd7
48. Rf6 f3 49. a4 Rb4+ 50. Kxf3 Nc8 51. a5 Nxa7 52. Rf7+ Kc6 53. Rxa7 bxa5 54.
Rxa6+ Kb5 55. Ra8 a4 56. Kg3 Kc4 57. f4 Kb3 58. f5 a3 59. f6 Rb7 60. Kg4 a2 61.
Kg5 Kb2 62. Kg6 a1=Q 63. Rxa1 Kxa1 64. f7 Rxf7 65. Kxf7 1/2-1/2

[Event "40th World Junior Girls"]
[Site "Gandhinagar IND"]
[Date "2024.06.07"]
[Round "6.18"]
[White "Gade Sharanya"]
[Black "Anishka, Vikram"]
[Result "1-0"]
[BlackTitle "WCM"]
[WhiteElo "1849"]
[BlackElo "2048"]
[WhiteFideId "25925253"]
[BlackFideId "45013314"]
[EventDate "2024.06.02"]

1. d4 d5 2. c4 e6 3. Nc3 Nf6 4. cxd5 exd5 5. Bg5 Be7 6. e3 O-O 7. Bd3 Nbd7 8.
Qc2 Re8 9. Nge2 c6 10. O-O Nf8 11. f3 g6 12. Bh4 Ne6 13. Kh1 b5 14. Bf2 Bb7 15.
e4 b4 16. Na4 Rc8 17. e5 Nd7 18. f4 c5 19. Qd2 Nxd4 20. Nxd4 cxd4 21. Bxd4 Bf8
22. Rae1 Qc7 23. Qe3 Qa5 24. f5 Nxe5 25. Bxe5 Qxa4 26. Qg5 Qc6 27. fxg6 fxg6 28.
Bf5 Rcd8 29. Rc1 Qa6 30. Bf6 Rd6 31. Bxg6 h6 32. Bf7+ Kxf7 33. Bd8+ Ke6 34. Qf5# 1-0

[Event "40th World Junior Girls"]
[Site "Gandhinagar IND"]
[Date "2024.06.07"]
[Round "6.19"]
[White "Saparya Ghosh"]
[Black "Sneha Halder"]
[Result "0-1"]
[WhiteElo "1833"]
[BlackElo "1958"]
[WhiteFideId "25771280"]
[BlackFideId "25693263"]
[EventDate "2024.06.02"]

1. Nf3 d5 2. b3 Nf6 3. Bb2 g6 4. e3 Bg7 5. d4 O-O 6. Nbd2 Bf5 7. Be2 Nc6 8. a3
h6 9. O-O g5 10. c4 e6 11. b4 Bh7 12. Rc1 Ne7 13. Ne5 Nd7 14. Qb3 Nxe5 15. dxe5
c6 16. cxd5 cxd5 17. Kh1 Nc6 18. f4 Rc8 19. b5 Ne7 20. Bd4 b6 21. g4 Ng6 22.
Rxc8 Qxc8 23. Bd3 Qd7 24. Bb1 Rc8 25. f5 Nh4 26. f6 Bxb1 27. Qxb1 Bf8 28. Nf3
Nxf3 29. Rxf3 Qc7 30. Rf2 Bxa3 31. Ra2 Bf8 32. Kg2 Qc4 33. Kf2 Rc7 34. h3 Bc5
35. Rd2 Bxd4 36. Rxd4 Qc3 37. Ke2 Rc4 38. Rxc4 Qxc4+ 39. Kf3 Qc3 40. Qa2 Qxe5
41. Qxa7 Qxf6+ 42. Kg3 Qe5+ 43. Kf3 Qe4+ 44. Kf2 Qc2+ 45. Kf3 Qd1+ 46. Kf2 Qd2+
47. Kf3 d4 48. Qb8+ Kg7 49. Qe5+ f6 50. Qxe6 Qxe3+ 51. Qxe3 dxe3 52. Kxe3 f5 53.
gxf5 Kf6 54. Ke4 h5 55. Kd5 Kxf5 56. Kc6 g4 57. hxg4+ hxg4 58. Kxb6 g3 59. Ka6
g2 60. b6 g1=Q 61. b7 Qg8 62. Ka7 Qa2+ 63. Kb6 Qb3+ 64. Kc7 Qc4+ 65. Kb6 Qb4+
66. Kc7 Qc5+ 67. Kd7 Qb6 68. Kc8 Qc6+ 69. Kb8 Ke6 70. Ka7 Qc7 71. Ka8 Qa5+ 72.
Kb8 Kd6 0-1

[Event "40th World Junior Girls"]
[Site "Gandhinagar IND"]
[Date "2024.06.07"]
[Round "6.20"]
[White "Agajanova, Meryem"]
[Black "Chinnam, Vyshnavi"]
[Result "1-0"]
[WhiteTitle "WCM"]
[BlackTitle "WCM"]
[WhiteElo "1955"]
[BlackElo "1830"]
[WhiteFideId "14005930"]
[BlackFideId "35061690"]
[EventDate "2024.06.02"]

1. d4 d5 2. c4 c6 3. Nf3 Nf6 4. Nc3 e6 5. Bg5 Nbd7 6. e3 Qa5 7. Nd2 Bb4 8. Qc2
dxc4 9. Bxf6 Nxf6 10. Nxc4 Qc7 11. Bd3 c5 12. O-O Bxc3 13. bxc3 O-O 14. Rfc1 b6
15. e4 b5 16. Nd2 c4 17. Be2 Bb7 18. Rcb1 Bc6 19. a4 a6 20. Rb4 e5 21. d5 Bd7
22. Rb2 Rab8 23. axb5 axb5 24. Rba2 Rb7 25. Ra6 Ne8 26. Qa2 Nd6 27. Qa5 Qb8 28.
Qb4 Nc8 29. Ra8 Qc7 30. Bf3 g6 31. h4 h5 32. R1a6 Kg7 33. d6 Qd8 34. Qc5 Re8 35.
Nf1 Qxh4 36. Ne3 Qf4 37. Nd5 Qc1+ 38. Kh2 h4 39. Ra1 Qg5 40. Nc7 Rh8 41. Nd5 Rd8
42. Ne7 Nxd6 43. Qxd6 Rxa8 44. Rxa8 Be6 45. Qd8 Qf4+ 46. Kg1 Kh6 47. Ng8+ Kg7
48. Nf6 Qc1+ 49. Bd1 Kh6 50. Qf8+ Kg5 51. Nh7+ Kf4 52. Qh6+ 1-0

[Event "40th World Junior Girls"]
[Site "Gandhinagar IND"]
[Date "2024.06.07"]
[Round "6.21"]
[White "Cassi, Elisa"]
[Black "Arya G Mallar"]
[Result "1-0"]
[WhiteTitle "WFM"]
[WhiteElo "2028"]
[BlackElo "1725"]
[WhiteFideId "2817220"]
[BlackFideId "25115324"]
[EventDate "2024.06.02"]

1. e4 c6 2. d4 d5 3. Nd2 dxe4 4. Nxe4 Nf6 5. Nxf6+ exf6 6. Bd3 Bd6 7. Ne2 O-O 8.
O-O Re8 9. c4 Nd7 10. Qc2 Nf8 11. Be3 Be6 12. Rfe1 Rc8 13. c5 Bb8 14. b4 h5 15.
Nc3 h4 16. Be4 Qd7 17. Rad1 f5 18. Bf3 f4 19. Bc1 Bg4 20. Bxg4 Qxg4 21. f3 Qg5
22. Re4 Red8 23. h3 Ne6 24. Ne2 Qg6 25. Qb3 Ng5 26. Re7 Nxh3+ 27. Kf1 Ng5 28.
Bxf4 Ne6 29. Be5 h3 30. g3 Bxe5 31. dxe5 Rxd1+ 32. Qxd1 Qf5 33. Kf2 Qxe5 34.
Rxb7 Re8 35. Qd6 Qa1 36. Rb8 Rxb8 37. Qxb8+ Kh7 38. g4 Ng5 39. Qh2 Qf6 40. f4
Kg8 41. Kg3 Ne6 42. Qh1 Qb2 43. Qe4 Qd2 44. a3 Qe1+ 45. Kh2 Qf2+ 46. Kh1 a6 47.
a4 Nc7 48. Ng1 h2 49. Nf3 Nd5 50. Qe8+ Kh7 51. Ng5+ Kh6 52. Qh8+ Kg6 53. Qh5+
Kf6 54. Qxf7# 1-0

[Event "40th World Junior Girls"]
[Site "Gandhinagar IND"]
[Date "2024.06.07"]
[Round "6.22"]
[White "Shanmathi Sree S"]
[Black "Peglau, Charis"]
[Result "0-1"]
[BlackTitle "WFM"]
[WhiteElo "1854"]
[BlackElo "2088"]
[WhiteFideId "25966413"]
[BlackFideId "16219996"]
[EventDate "2024.06.02"]

1. e4 c5 2. Nf3 d6 3. d4 cxd4 4. Nxd4 Nf6 5. Nc3 Nc6 6. Be3 Ng4 7. Bb5 Nxe3 8.
Nxc6 Nxd1 9. Nxd8+ Kxd8 10. Rxd1 e6 11. a4 Bd7 12. Bxd7 Kxd7 13. Ke2 a6 14. Rd3
Be7 15. Rhd1 Rhc8 16. f4 Rc6 17. R1d2 Rac8 18. Kd1 Rc4 19. Rd4 Ke8 20. Ne2 e5
21. fxe5 dxe5 22. Rd7 Rxa4 23. Nc3 Ra1+ 24. Ke2 Rg1 25. Kf3 Rd8 26. Rxd8+ Bxd8
27. Rd1 Rxd1 28. Nxd1 Bb6 29. c3 Kd7 30. b3 Ke6 31. Nb2 h5 32. Nc4 Bg1 33. h3 b5
34. Nb2 a5 35. Ke2 Bc5 36. Nd3 Be7 37. Ke3 a4 38. bxa4 bxa4 39. Kd2 f5 40. Nf2
fxe4 41. Nxe4 Kd5 42. Ng3 g6 43. Kc2 h4 44. Ne2 Ke4 45. Nc1 Ke3 46. Nd3 e4 47.
Ne5 g5 48. Nc6 Bc5 49. Nd8 Kf2 50. Ne6 Be7 51. c4 e3 52. c5 e2 53. c6 e1=Q 54.
c7 Qxe6 55. Kd3 a3 0-1

[Event "40th World Junior Girls"]
[Site "Gandhinagar IND"]
[Date "2024.06.07"]
[Round "6.23"]
[White "Kheerthi, Ganta"]
[Black "Sindhusree K"]
[Result "1-0"]
[WhiteTitle "WFM"]
[WhiteElo "1987"]
[BlackElo "1846"]
[WhiteFideId "25626280"]
[BlackFideId "46616411"]
[EventDate "2024.06.02"]

1. d4 Nf6 2. Nf3 d5 3. e3 e6 4. Bd3 Bd6 5. b3 O-O 6. Bb2 b6 7. Nbd2 Bb7 8. O-O
c5 9. Ne5 Nbd7 10. f4 Ne4 11. Nxd7 Qxd7 12. Nxe4 dxe4 13. Bc4 Qe7 14. Qg4 f5 15.
Qe2 Bd5 16. Rad1 Qf7 17. Rd2 cxd4 18. Bxd4 Bb4 19. c3 Be7 20. Rfd1 Rfd8 21. Ba6
g5 22. g3 g4 23. Be5 h5 24. c4 Bc6 25. Rxd8+ Rxd8 26. Rxd8+ Bxd8 27. Qd2 Bc7 28.
Bc8 Bxe5 29. Qd8+ Qe8 30. Bxe6+ Kf8 31. Qxe8+ Bxe8 32. fxe5 Bg6 33. b4 Ke7 34.
Bd5 Be8 35. Kf2 Ba4 36. Ke2 a5 37. b5 Kf8 38. Be6 Bc2 39. Kd2 Bd3 40. Kc3 1-0

[Event "40th World Junior Girls"]
[Site "Gandhinagar IND"]
[Date "2024.06.07"]
[Round "6.24"]
[White "Nagyova, Daniela"]
[Black "Jain Ashita"]
[Result "0-1"]
[WhiteElo "1958"]
[BlackElo "1744"]
[WhiteFideId "390070"]
[BlackFideId "25181971"]
[EventDate "2024.06.02"]

1. e4 c6 2. d4 d5 3. e5 Bf5 4. c4 e6 5. Nc3 Ne7 6. Bg5 dxc4 7. Bxc4 Nd7 8. Nge2
h6 9. Bh4 Nb6 10. Bd3 g5 11. Bg3 Bxd3 12. Qxd3 Nf5 13. f3 Nd5 14. Bf2 h5 15. a3
Be7 16. Nxd5 Qxd5 17. O-O O-O-O 18. Rfd1 f6 19. Nc3 Qd7 20. Qc4 Kb8 21. b4 g4
22. f4 h4 23. g3 hxg3 24. hxg3 Rh3 25. Ne4 fxe5 26. dxe5 Qxd1+ 27. Rxd1 Rxd1+
28. Kg2 Rdh1 29. Bg1 Ne3+ 30. Bxe3 R3h2# 0-1

[Event "40th World Junior Girls"]
[Site "Gandhinagar IND"]
[Date "2024.06.07"]
[Round "6.25"]
[White "Sherali Pattnaik"]
[Black "Koksa, Jelena"]
[Result "0-1"]
[WhiteElo "1955"]
[BlackElo "1842"]
[WhiteFideId "25789449"]
[BlackFideId "14544776"]
[EventDate "2024.06.02"]

1. e4 e6 2. d4 d5 3. Nd2 c5 4. exd5 Qxd5 5. Ngf3 cxd4 6. Bc4 Qd7 7. O-O Nc6 8.
Nb3 Nf6 9. Nbxd4 Nxd4 10. Nxd4 a6 11. a4 Qc7 12. Qe2 Be7 13. Bg5 O-O 14. Rfe1
Qc5 15. Be3 Qc7 16. Nf3 b6 17. Bd4 Bb7 18. Ne5 Nd5 19. Bxd5 Bxd5 20. Ng4 f6 21.
Ne3 Bc5 22. Bxc5 bxc5 23. Nxd5 exd5 24. Qe6+ Qf7 25. Qd6 Qb7 26. Rad1 Rfd8 27.
Qxc5 Rac8 28. Qa5 Qxb2 29. Rxd5 Re8 30. Rdd1 Rxe1+ 31. Rxe1 Qc3 32. Qd5+ Kh8 33.
Qe6 h6 34. h3 a5 35. Re2 Qc4 36. Qd7 Rb8 37. Re3 Qxc2 38. Rg3 Rg8 39. Qb5 Qc1+
40. Kh2 Qc7 41. Qd5 Rd8 42. Qe4 Rb8 43. Qe6 Rd8 44. Qf5 Rd1 45. Qe4 Rd8 46. f4
Rb8 47. h4 Rd8 48. Re3 Rb8 49. Qf5 Rc8 50. Re6 Rb8 51. Qe4 Rf8 52. Qf5 Rb8 53.
Ra6 Rf8 54. h5 Qc1 55. Rxa5 Qe1 56. g3 Qf2+ 57. Kh3 Qf1+ 58. Kh4 Qh1+ 59. Qh3
Qe1 60. Rb5 Qd1 61. a5 f5 62. g4 Qd8+ 63. g5 hxg5+ 64. fxg5 Qd4+ 65. Kg3 Qd3+
66. Kh4 Qxb5 67. h6 Qc4+ 68. Kh5 g6+ 69. Kxg6 Qf7# 0-1

[Event "40th World Junior Girls"]
[Site "Gandhinagar IND"]
[Date "2024.06.07"]
[Round "6.26"]
[White "Shubhi Gupta"]
[Black "Rejepova, Jahan"]
[Result "1-0"]
[WhiteTitle "WFM"]
[WhiteElo "1943"]
[BlackElo "1816"]
[WhiteFideId "25195425"]
[BlackFideId "14006480"]
[EventDate "2024.06.02"]

1. d4 d5 2. Nf3 Nf6 3. Bg5 e6 4. e3 Be7 5. Bd3 O-O 6. Nbd2 h6 7. Bh4 c5 8. c3
cxd4 9. exd4 Nc6 10. O-O a6 11. a4 Bd7 12. Ne5 Rb8 13. f4 b5 14. a5 Ne8 15. Bxe7
Qxe7 16. Nb3 Nxe5 17. fxe5 f5 18. Nc5 Nc7 19. b4 Be8 20. Ra2 Bg6 21. Raf2 Bh7
22. Qh5 Qg5 23. Qxg5 hxg5 24. Nd7 Rbc8 25. Nxf8 Kxf8 26. g4 g6 27. Rg2 Ne8 28.
gxf5 gxf5 29. Rxg5 Rxc3 30. Rf3 Rb3 31. Rh3 Bg8 32. Bxf5 Rxh3 33. Bxh3 Ng7 34.
Rg3 Bh7 35. Rxg7 Kxg7 36. Bxe6 Bd3 37. Bc8 Kf7 38. Bxa6 Ke7 39. Bb7 Kd7 40. a6
Kc7 41. Bxd5 Kb6 42. Bb7 Bc4 43. d5 1-0